00398 a2200097 4500001001000000005001700010008004100027245006800068100002400136773014000160ART_2302720260410161928.0260409a 10aConsideraciones Estadísticas sobre la situación económica1 aToranzos, Fausto I.0 tRevista de la Facultad de Ciencias Económicas de la Universidad de Cuyog- Año VII, Nº 20/21 (mayo/ago.- sep./dic. 1955)wREV22981